8 Largest cities in Egypt - Statistics

General Stats
  • This quiz has been taken 412 times
  • The average score is 5 of 8
Answer Stats
Population Answer % Correct
20,439,541 Cairo
99%
4,546,231 Alexandria
98%
506,588 Luxor
75%
3,628,062 Giza
72%
565,716 Suez
67%
603,787 Port Said
66%
1,099,354 Shubra el Kheima
8%
535,278 El Mahalla el Kubra
5%
No matching quizzes found
Score Distribution
Percent of People with Each Score
Percentile by Number Answered
Your Score History
You have not taken this quiz